| 000 | 00000nam##2200000za#4500 |
| 001 | 9.633591 |
| 003 | CaOODSP |
| 005 | 20221104105554 |
| 007 | cr ||||||||||| |
| 008 | 150407|2007||||xxc|||||o f|0| 0 fre|d |
| 020 | |a978-0-662-73260-0 |
| 040 | |aCaOODSP|bfre |
| 043 | |an-cn--- |
| 086 | 1 |aR62-322/2007F-PDF |
| 110 | 2 |aParcs Canada. |
| 245 | 10|aLes parcs nationaux et les lieux historiques nationaux du Canada au Manitoba |h[ressource électronique] |
| 260 | |aWinnipeg - Manitoba : |bParcs Canada |cc2007. |
| 300 | |a15p.|bcartes, photographies |
| 500 | |aLe n° de catalogue (R62-322/2007F) et l'ISBN (978-0-662-73259-4) de l'édition imprimée ont été incorrectement copiés dans l'édition électronique. |
| 590 | |a14-16-Supp|b2014-09-25 |
| 691 | 07|aLieu historique|2gcpds |
| 775 | 08|tNational parks and national historic sites of Canada in Manitoba |w(CaOODSP)9.689171 |
| 856 | 40|ahttp://publications.gc.ca|qPDF|s1830 Ko|uhttps://publications.gc.ca/collections/collection_2014/pc/R62-322-2007-fra.pdf |